000
00302nam a22001337a 4500
020
_a
978-93-90929-23-8
082
_a
894.812.3
_b
NEE/P
100
_a
NEELANCHERY, DHANYA
245
_a
PANJIMITTAYI
260
_a
THRISSUR
_b
H & C
_c
2022
300
_a
48
650
_a
MALAYALAM POEMS
_z
KERALA
942
_c
BK
999
_c
7899
_d
7899